| 000 | 00497 a2200133 4500 | ||
|---|---|---|---|
| 001 | 87728 | ||
| 082 | _aPR 105 | ||
| 090 |
_c41187 _d41187 |
||
| 100 | _aSyed Waqas Asghar Jafri, Plt Off 16076 73(B) EC | ||
| 245 | _aDesign and development of microcontroller based wireless control and monitoring system for various sensors | ||
| 260 |
_aRisalpur _bCAE, PAF Academy Risalpur _c2012 |
||
| 300 |
_aviii, 81p. _eShafqat Ul Mulk, Assistant Professor; Manzar Abbas, Sqn Ldr |
||
| 500 | _aBE Project Reports | ||
| 942 |
_aCAE NUST _kPR 105 |
||
| 999 |
_c322801 _d322801 |
||